000 00511nam a2200181Ia 4500
005 20250508154602.0
008 008 250505s9999 xx 000 0 eng d
037 _aTextual
040 _aFEDL
_beng
_cFEDL
041 _aeng
_2eng
084 _a420.9, WOO
_qFEDL
100 _aWood Frederick T
_968290
245 0 _aOutline history of the english language
260 _aLondon, UK
_bMacmillan and Co Ltd
_c1961
300 _ax,315p.
942 _cTEXL
_h420.9, WOO
999 _c1351025
_d1351025